Αφηγηματικός λόγος και ζητήματα κατασκευής της ταυτότητας : ιστορίες ζωής μελών της κοινότητας των μουσουλμάνων της Ρόδου ; διπλωματική εργασία [ διδακτορική εργασία]

Αποθηκεύτηκε σε:
Λεπτομέρειες βιβλιογραφικής εγγραφής
Κύριος συγγραφέας: Κυπριώτη, Βαρβάρα-Ιωάννα
Συγγραφή απο Οργανισμό/Αρχή: Πανεπιστήμιο Αιγαίου Σχολή Ανθρωπιστικών Επιστημών Τμήμα Μεσογειακών Σπουδών
Άλλοι συγγραφείς: Γεωργαλλίδου, Μαριάνθη (dgsf)
Μορφή: Thesis Βιβλίο
Γλώσσα:Greek
Δημοσίευση: 2020.
Θέματα:
Ετικέτες: Προσθήκη ετικέτας
Δεν υπάρχουν, Καταχωρήστε ετικέτα πρώτοι!

MARC

LEADER 00000cam a2200000 a 4500
001 1/122897
008 210419s2020####gr | ||| |||| ||gre||
040 |a GR-MyUa  |b gre  |c GR-MyUa  |e AACR2 
041 0 |a gre 
082 7 |a 889.34   |2 (23) 
100 1 |a Κυπριώτη, Βαρβάρα-Ιωάννα. 
245 1 0 |a Αφηγηματικός λόγος και ζητήματα κατασκευής της ταυτότητας :   |b ιστορίες ζωής μελών της κοινότητας των μουσουλμάνων της Ρόδου ; διπλωματική εργασία [ διδακτορική εργασία] /   |c Κυπριώτη Βαρβάρα-Ιωάννα ; επιβλέπουσα καθηγήτρια: Γεωργαλλίδου Μαριάνθη.  
260 |c 2020.  
300 |a 348 σ. ;   |c 30 εκ.  
500 |a Μέλη εξεταστικής επιτροπής: Γεωργαλλίδου Μαριάνθη, Αρχάκης Αργύρης, Καραντζόλα Ελένη, Κανάκης Κωνσταντίνος, Σκούρτου Ελένη, Τσάκωνα Βασιλική, Φραντζή Κατερίνα.  
502 |a Διπλωματική εργασία - Πανεπιστήμιο Αιγαίου, Ρόδος 2020.  
504 |a Βιβλιογραφία: σ. 314-325.  
506 1 |a Πλήρες κείμενο - Ενδοπανεπιστημιακή δημοσίευση - Κλειδωμένη η δυνατότητα αντιγραφής του κειμένου.  
650 0 |a Greek prose literature, Modern. 
650 0 |a Greek literature  |x History and criticism  |x Literary collections. 
650 0 |a Language and culture. 
650 0 |a Oral communication. 
650 0 |a Sociolinguistics. 
651 0 |a Rhodes (Greece : Island)  |x Social life and customs  |x Sources. 
700 0 |a Γεωργαλλίδου, Μαριάνθη,  |e dgsf 
710 2 |a Πανεπιστήμιο Αιγαίου  |b Σχολή Ανθρωπιστικών Επιστημών  |b Τμήμα Μεσογειακών Σπουδών. 
924 |a Κυπριώτη   |b Βαρβάρα-Ιωάννα   |y Ρόδος  |z 2021-04  
970 |a Καραγιάννης  |b Φίλιππος  |z 19-04-2021